000 00331nam a22001457a 4500
008 221124b ||||| |||| 00| 0 eng d
020 _a2900495603008
041 _aeng
080 _2TENTH EDITION
_a573
082 _a573 KAL
100 _a16.1
101 _aBIO
245 _aBIOLOGICAL PSYCHOLOGY
_cKALAT W.J
942 _2udc
_cBK
999 _c59031
_d59031